<?xml version="1.0" encoding="UTF-8"?>
<record
    xmlns:xsi="http://www.w3.org/2001/XMLSchema-instance"
    xsi:schemaLocation="http://www.loc.gov/MARC21/slim http://www.loc.gov/standards/marcxml/schema/MARC21slim.xsd"
    xmlns="http://www.loc.gov/MARC21/slim">

  <leader>01751nam a22002777a 4500</leader>
  <controlfield tag="003">NALT</controlfield>
  <controlfield tag="005">20240724233252.0</controlfield>
  <controlfield tag="008">220606b        th ||||| |||| 00| 0 tha d</controlfield>
  <datafield tag="040" ind1=" " ind2=" ">
    <subfield code="a">NALT</subfield>
  </datafield>
  <datafield tag="050" ind1=" " ind2=" ">
    <subfield code="a">RA 412.5.T5</subfield>
    <subfield code="b">&#xE29;141&#xE01; 2565</subfield>
  </datafield>
  <datafield tag="110" ind1="0" ind2=" ">
    <subfield code="9">58172</subfield>
    <subfield code="a">&#xE29;&#xE31;&#xE29;&#xE10;&#xE23;&#xE31;&#xE21;&#xE22;&#xE4C; &#xE18;&#xE23;&#xE23;&#xE21;&#xE1A;&#xE38;&#xE29;&#xE14;&#xE35;</subfield>
  </datafield>
  <datafield tag="245" ind1="1" ind2="0">
    <subfield code="a">&#xE01;&#xE32;&#xE23;&#xE22;&#xE01;&#xE23;&#xE30;&#xE14;&#xE31;&#xE1A;&#xE1B;&#xE23;&#xE30;&#xE01;&#xE31;&#xE19;&#xE2A;&#xE31;&#xE07;&#xE04;&#xE21;&#xE2A;&#xE39;&#xE48;&#xE23;&#xE30;&#xE1A;&#xE1A;&#xE1B;&#xE23;&#xE30;&#xE01;&#xE31;&#xE19;&#xE2A;&#xE31;&#xE07;&#xE04;&#xE21;&#xE16;&#xE49;&#xE27;&#xE19;&#xE2B;&#xE19;&#xE49;&#xE32; /</subfield>
    <subfield code="c">&#xE2A;&#xE33;&#xE19;&#xE31;&#xE01;&#xE07;&#xE32;&#xE19;&#xE01;&#xE32;&#xE23;&#xE27;&#xE34;&#xE08;&#xE31;&#xE22;&#xE41;&#xE2B;&#xE48;&#xE07;&#xE0A;&#xE32;&#xE15;&#xE34;.</subfield>
  </datafield>
  <datafield tag="246" ind1="1" ind2="4">
    <subfield code="a">&#xE23;&#xE32;&#xE22;&#xE07;&#xE32;&#xE19;&#xE27;&#xE34;&#xE08;&#xE31;&#xE22;&#xE09;&#xE1A;&#xE31;&#xE1A;&#xE2A;&#xE21;&#xE1A;&#xE39;&#xE23;&#xE13;&#xE4C; &#xE42;&#xE04;&#xE23;&#xE07;&#xE01;&#xE32;&#xE23; "&#xE01;&#xE32;&#xE23;&#xE22;&#xE01;&#xE23;&#xE30;&#xE14;&#xE31;&#xE1A;&#xE1B;&#xE23;&#xE30;&#xE01;&#xE31;&#xE19;&#xE2A;&#xE31;&#xE07;&#xE04;&#xE21;&#xE2A;&#xE39;&#xE48;&#xE23;&#xE30;&#xE1A;&#xE1A;&#xE1B;&#xE23;&#xE30;&#xE01;&#xE31;&#xE19;&#xE2A;&#xE31;&#xE07;&#xE04;&#xE21;&#xE16;&#xE49;&#xE27;&#xE19;&#xE2B;&#xE19;&#xE49;&#xE32;" The enhance of social security protection to universal social security.</subfield>
  </datafield>
  <datafield tag="260" ind1=" " ind2=" ">
    <subfield code="a">&#xE01;&#xE23;&#xE38;&#xE07;&#xE40;&#xE17;&#xE1E;&#xE2F; :</subfield>
    <subfield code="b">&#xE2A;&#xE33;&#xE19;&#xE31;&#xE01;&#xE07;&#xE32;&#xE19;&#xE01;&#xE32;&#xE23;&#xE27;&#xE34;&#xE08;&#xE31;&#xE22;&#xE41;&#xE2B;&#xE48;&#xE07;&#xE0A;&#xE32;&#xE15;&#xE34;,</subfield>
    <subfield code="c">2565.</subfield>
  </datafield>
  <datafield tag="300" ind1=" " ind2=" ">
    <subfield code="a">88 &#xE2B;&#xE19;&#xE49;&#xE32; :</subfield>
    <subfield code="b">&#xE20;&#xE32;&#xE1E;&#xE1B;&#xE23;&#xE30;&#xE01;&#xE2D;&#xE1A;, &#xE15;&#xE32;&#xE23;&#xE32;&#xE07; ;</subfield>
    <subfield code="c">29 &#xE0B;&#xE21;.</subfield>
  </datafield>
  <datafield tag="650" ind1=" " ind2="4">
    <subfield code="9">58379</subfield>
    <subfield code="a">&#xE1B;&#xE23;&#xE30;&#xE01;&#xE31;&#xE19;&#xE2A;&#xE31;&#xE07;&#xE04;&#xE21;</subfield>
    <subfield code="x">&#xE27;&#xE34;&#xE08;&#xE31;&#xE22;</subfield>
  </datafield>
  <datafield tag="700" ind1="0" ind2=" ">
    <subfield code="9">58374</subfield>
    <subfield code="a">&#xE13;&#xE1B;&#xE01;&#xE23;&#xE13;&#xE4C; &#xE20;&#xE39;&#xE18;&#xE23;&#xE23;&#xE21;&#xE21;&#xE30;</subfield>
  </datafield>
  <datafield tag="700" ind1="0" ind2=" ">
    <subfield code="9">58375</subfield>
    <subfield code="a">&#xE1E;&#xE31;&#xE0A;&#xE23;&#xE40;&#xE28;&#xE23;&#xE29;&#xE10;&#xE4C; &#xE40;&#xE1E;&#xE0A;&#xE23;&#xE23;&#xE31;&#xE15;&#xE19;&#xE4C;</subfield>
  </datafield>
  <datafield tag="700" ind1="0" ind2=" ">
    <subfield code="9">58377</subfield>
    <subfield code="a">&#xE23;&#xE31;&#xE1A;&#xE02;&#xE27;&#xE31;&#xE0D; &#xE18;&#xE23;&#xE23;&#xE21;&#xE1A;&#xE38;&#xE29;&#xE14;&#xE35;</subfield>
  </datafield>
  <datafield tag="700" ind1="0" ind2=" ">
    <subfield code="9">58378</subfield>
    <subfield code="a">&#xE27;&#xE23;&#xE34;&#xE29;&#xE32; &#xE2A;&#xE38;&#xE02;&#xE01;&#xE33;&#xE40;&#xE19;&#xE34;&#xE14;</subfield>
  </datafield>
  <datafield tag="710" ind1="2" ind2=" ">
    <subfield code="9">24625</subfield>
    <subfield code="a">&#xE2A;&#xE16;&#xE32;&#xE1A;&#xE31;&#xE19;&#xE04;&#xE25;&#xE31;&#xE07;&#xE2A;&#xE21;&#xE2D;&#xE07;&#xE02;&#xE2D;&#xE07;&#xE0A;&#xE32;&#xE15;&#xE34;</subfield>
  </datafield>
  <datafield tag="850" ind1=" " ind2=" ">
    <subfield code="a">NALT</subfield>
  </datafield>
  <datafield tag="942" ind1=" " ind2=" ">
    <subfield code="c">RSH</subfield>
    <subfield code="2">lcc</subfield>
  </datafield>
  <datafield tag="998" ind1=" " ind2=" ">
    <subfield code="a">bijaya</subfield>
    <subfield code="c">DAO</subfield>
    <subfield code="j">111</subfield>
    <subfield code="k"> &#xE19;&#xE32;&#xE07;&#xE2A;&#xE32;&#xE27;&#xE1E;&#xE08;&#xE1E;&#xE34;&#xE13;  &#xE1E;&#xE23;&#xE21;&#xE40;&#xE2D;&#xE35;&#xE48;&#xE22;&#xE21;</subfield>
  </datafield>
  <datafield tag="999" ind1=" " ind2=" ">
    <subfield code="c">100323</subfield>
    <subfield code="d">100323</subfield>
  </datafield>
  <datafield tag="952" ind1=" " ind2=" ">
    <subfield code="0">0</subfield>
    <subfield code="1">0</subfield>
    <subfield code="2">lcc</subfield>
    <subfield code="4">0</subfield>
    <subfield code="7">0</subfield>
    <subfield code="8">CRSH</subfield>
    <subfield code="a">NALT</subfield>
    <subfield code="b">NALT</subfield>
    <subfield code="c">RSH</subfield>
    <subfield code="d">2022-06-06</subfield>
    <subfield code="l">1</subfield>
    <subfield code="o">&#xE27; RA 412.5.T5 &#xE29;141&#xE01; 2565</subfield>
    <subfield code="p">3961212955</subfield>
    <subfield code="r">2023-04-18 00:00:00</subfield>
    <subfield code="s">2023-04-11</subfield>
    <subfield code="w">2022-06-06</subfield>
    <subfield code="y">RSH</subfield>
  </datafield>
</record>
